Logo de marques de vêtements #2 - Statistiques

Statistiques générales
  • Ce quiz a été pris 665 fois
  • Le résultat moyen est 10 sur 16
Statistiques - réponses
Par images Réponse % Correct
Channel
96%
Jordan
95%
Celio
94%
Vans
94%
Le coq sportif
92%
The North Face
87%
Kappa
78%
Petit Bateau
74%
The Kooples
68%
Carhartt
62%
Versace
60%
Eden Park
44%
Balenciaga
30%
Hummel
16%
Faguo
9%
Izac
5%
Aucun quiz correspondant
Distribution des résultats
% des personnes avec chaque résultat
Percentile par nombre de réponses
Votre historique - résultats
Vous n’avez pas pris ce quiz